书目信息 |
| 题名: |
智能建筑办公网络与通信技术
|
|
| 作者: | 李界家 编著 | |
| 分册: | ||
| 出版信息: | 北京 清华大学出版社 2004.01 |
|
| 页数: | 282页 | |
| 开本: | 26cm | |
| 丛书名: | ||
| 单 册: | ||
| 中图分类: | TU855 | |
| 科图分类: | ||
| 主题词: | 房屋建筑设备:机电设备 | |
| 电子资源: | ||
| ISBN: | 7-81082-187-3 | |
| 000 | 00592nam0 2200193 45 | |
| 001 | 0430397949 | |
| 005 | 2004042708263769 | |
| 010 | @a7-81082-187-3@dCNY 27.00 | |
| 100 | @a20040427d2004 km y0chiy0120 ea | |
| 101 | 0 | @achi |
| 102 | @aCN@b110000 | |
| 200 | 1 | @a智能建筑办公网络与通信技术@AZhi Neng Jian Zhu Ban Gong Wang Luo Yu Tong Xin Ji Shu@f李界家编著@FLi Jie Jia Bian Zhu |
| 210 | @a北京@c清华大学出版社@d2004.01 | |
| 215 | @a282页@d26cm | |
| 606 | 0 | @a房屋建筑设备:机电设备 |
| 690 | @aTU855@v3 | |
| 701 | 0 | @a李界家@ALi Jie Jia@4编著 |
| 801 | 0 | @aCN@bPFT@c20040427 |
| 905 | @dTU855@eL182 | |
| 智能建筑办公网络与通信技术/李界家编著.-北京:清华大学出版社,2004.01 |
| 282页;26cm |
| ISBN 7-81082-187-3:CNY 27.00 |
| ● |
| 相关链接 |
|
|
|
正题名:智能建筑办公网络与通信技术
索取号:TU855/L182
 
预约/预借
| 序号 | 登录号 | 条形码 | 馆藏地/架位号 | 状态 | 备注 |
| 1 | 382265 | 203822658 | 建筑库201/201建筑库 55排1列1层/ [索取号:TU855/L182] | 在馆 | |
| 2 | 382266 | 203822667 | 建筑库201/201建筑库 55排1列1层/ [索取号:TU855/L182] | 在馆 | |
| 3 | 382267 | 203822676 | 建筑库201/201建筑库 55排1列1层/ [索取号:TU855/L182] | 在馆 | |
| 4 | 396403 | 203964031 | 建筑库201/201建筑库 55排1列1层/ [索取号:TU855/L182] | 在馆 | |
| 5 | 396404 | 203964040 | 建筑库201/201建筑库 55排1列1层/ [索取号:TU855/L182] | 在馆 | |
| 6 | 396405 | 203964059 | 建筑库201/201建筑库 55排1列1层/ [索取号:TU855/L182] | 在馆 |